Dokumenty Evropské unie
Biela kniha: "Príprava pridružených krajín strednej a východnej Európy na začlenenie do vnútorného trhu únie". Predložená komisiou Európskeho spoločenstva dňa 3.5.1995.
Uložené v:
| Médium: | Kapitola |
|---|---|
| Jazyk: | Czech |
| Predmet: | |
| Tagy: |
Žiadne tagy, Buďte prvý, kto otaguje tento záznam!
|
MARC
| LEADER | 00000naa a2200000 4500 | ||
|---|---|---|---|
| 001 | r017708 | ||
| 005 | 20221208130914.0 | ||
| 041 | 0 | |a cze | |
| 044 | |a CZ | ||
| 245 | 1 | 0 | |a Dokumenty Evropské unie |
| 520 | |a Biela kniha: "Príprava pridružených krajín strednej a východnej Európy na začlenenie do vnútorného trhu únie". Predložená komisiou Európskeho spoločenstva dňa 3.5.1995. | ||
| 610 | 2 | 0 | |a Európska únia |
| 610 | 2 | 0 | |a dokumenty |
| 610 | 2 | 0 | |a trh vnútorný |
| 610 | 2 | 0 | |a Biela kniha |